Anatomy of a Machine Gun - Statistics

General Stats
  • This quiz has been taken 27 times
  • The average score is 3 of 5
Answers on the Map
Answers color-coded by a green-red scale on the quiz's map according to % correct below.
 
Answer Stats
Answer % Correct
Barrel
95%
Stock
81%
Bipod
67%
Feed System
24%
Reciever
19%
No matching quizzes found
Score Distribution
Percent of People with Each Score
Percentile by Number Answered
Your Score History
You have not taken this quiz